Practical guide to power factor correction and harmonics--and your electric bill

Gorde:
Xehetasun bibliografikoak
Egile nagusia: Paschal, John
Formatua: Liburua
Hizkuntza:English
Argitaratua: Overland Park, Kan. : EC&M Books/Intertec Pub., c2001.
Gaiak:
Etiketak: Etiketa erantsi
Etiketarik gabe, Izan zaitez lehena erregistro honi etiketa jartzen!

MARC

LEADER 00000nam a2200000Ia 4500
003 000016
005 20221231144017.0
008 140114s9999 ksua 000 ||eng d
040 |c cru CEDI 
082 |a 621.319 P281p 
100 |a Paschal, John  |9 19502 
245 |a Practical guide to power factor correction and harmonics--and your electric bill 
260 |a Overland Park, Kan. : EC&M Books/Intertec Pub.,  |c  c2001. 
300 |a 87 páginas. : ilustraciones. ; 28 cm. 
650 |x CIRCUITOS ELECTRICOS   |x ANALISIS DE CIRCUITOS ELECTRICOS  |x SISTEMAS DE ENERGIA ELECTRICA   |x ONDAS ELECTRICAS   |x ANALISIS ARMONICO  |9 19503 
942 |2 ddc  |c BK 
999 |c 15573  |d 15573